| 000 | 00460nam a2200193Ia 4500 | ||
|---|---|---|---|
| 008 | 210210b1979 xxu||||| |||| 00| 0 eng d | ||
| 020 | _a0 7137 1394 1 | ||
| 082 | _a635.93415 RITO | ||
| 100 | _aRITTERSHAUSEN (Brian) | ||
| 245 | _aOrchids in colour | ||
| 260 |
_aPoole. _bBlandford Press _c1979 |
||
| 300 | _a192 | ||
| 650 | _aOrchids | ||
| 650 | _ain | ||
| 650 | _acolour | ||
| 690 | _aPlants | ||
| 700 | _aRITTERSHAUSEN (Wilma). | ||
| 906 | _aSG03115 | ||
| 999 |
_c113817 _d113817 |
||